00516nam a2200193 a 4500001001300000003000900013005001700022008004100039020001000080082001500090100001800105245004700123260003500170300000900205500003500214505001700249650003800266700001800304nice12345678IN_TiNIC20260116014141.0070409s2005 dela grp 000 0 eng  ac99500a305.8bKHA aKhan, M Abbas aSocial Development in Twenty First Century aDelhibAnmol Publishers c2005 a376p aincludes index and biblioraphy2 aBibliography aSociology-Development-Methodology1 aKhan, M Abbas